000 nam a22 7a 4500
999 _c8360
_d8360
008 180112b ||||| |||| 00| 0 eng d
100 _94774
_aSHARMA.D.V ET AL
245 _aPHYSICS EDUCATION -XII
260 _aNEW DELHI
_bABC
_c2017